Rolling Stone's 200 Greatest Hip-Hop Albums - Statistics

General Stats
  • This quiz has been taken 522 times
  • The average score is 82 of 197
Answer Stats
# Album Artist % Correct
25 The Marshall Mathers LP Eminem
98%
85 The Slim Shady LP Eminem
98%
29 All Eyez on Me 2Pac
97%
134 Me Against the World 2Pac
97%
77 Watch the Throne Jay-Z and Kanye West
97%
6 My Beautiful Dark Twisted Fantasy Kanye West
97%
17 Yeezus Kanye West
97%
41 Late Registration Kanye West
97%
52 The College Dropout Kanye West
97%
5 To Pimp a Butterfly Kendrick Lamar
97%
38 good kid, m.A.A.d city Kendrick Lamar
97%
60 Damn. Kendrick Lamar
97%
1 Ready to Die The Notorious B.I.G.
96%
59 Life After Death The Notorious B.I.G.
96%
3 The Blueprint Jay-Z
95%
26 Reasonable Doubt Jay-Z
95%
113 The Black Album Jay-Z
95%
10 The Miseducation of Lauryn Hill Lauryn Hill
93%
35 Doggystyle Snoop Dogg
93%
8 Enter the Wu-Tang (36 Chambers) Wu-Tang Clan
93%
11 Take Care Drake
91%
125 If You’re Reading This It’s Too Late Drake
91%
13 2001 Dr. Dre
91%
40 The Chronic Dr. Dre
91%
151 Montero Lil Nas X
91%
2 Stankonia Outkast
91%
27 Aquemini Outkast
91%
124 Speakerboxxx/The Love Below Outkast
91%
24 Illmatic Nas
90%
140 It Was Written Nas
90%
49 Straight Outta Compton N.W.A
89%
21 Da Drought 3 Lil Wayne
88%
39 The Carter III Lil Wayne
88%
99 Tha Carter II Lil Wayne
88%
64 Get Rich or Die Tryin’ 50 Cent
86%
200 Astroworld Travis Scott
81%
62 Operation: Doomsday MF Doom
76%
43 Run-D.M.C. Run-D.M.C.
75%
100 Raising Hell Run-D.M.C.
75%
58 AmeriKKKa’s Most Wanted Ice Cube
72%
93 Death Certificate Ice Cube
72%
31 Pink Friday Nicki Minaj
71%
9 The Low End Theory A Tribe Called Quest
68%
55 Midnight Marauders A Tribe Called Quest
68%
121 People’s Instinctive Travels and the Paths of Rhythm A Tribe Called Quest
68%
193 Live. Love. A$AP A$AP Rocky
67%
132 2014 Forest Hills Drive J. Cole
67%
46 Call Me If You Get Lost Tyler, the Creator
67%
118 Bastard Tyler, the Creator
67%
16 Invasion of Privacy Cardi B
66%
103 Black on Both Sides Mos Def
66%
20 DS2 Future
64%
7 Miss E… So Addictive Missy Elliott
64%
47 Supa Dupa Fly Missy Elliott
64%
117 Under Construction Missy Elliott
64%
4 It Takes a Nation of Millions to Hold Us Back Public Enemy
63%
74 Fear of a Black Planet Public Enemy
63%
30 Paul’s Boutique Beastie Boys
62%
57 Licensed to Ill Beastie Boys
62%
153 Eazy-Duz-It Eazy E
62%
18 Madvillainy Madvillain
61%
33 3 Feet High and Rising De La Soul
59%
65 Buhloone Mindstate De La Soul
59%
94 De La Soul Is Dead De La Soul
59%
22 It’s Dark and Hell Is Hot DMX
58%
129 Whole Lotta Red Playboi Carti
58%
88 Cypress Hill Cypress Hill
57%
90 Man on the Moon: The End of the Day Kid Cudi
57%
45 Mama Said Knock You Out LL Cool J
57%
147 Radio LL Cool J
57%
126 Savage Mode 21 Savage and Metro Boomin
56%
44 Liquid Swords Genius/GZA
54%
199 Goodbye & Good Riddance Juice WRLD
53%
28 The Infamous Mobb Deep
53%
36 Acid Rap Chance the Rapper
52%
105 Coloring Book Chance the Rapper
52%
15 Paid in Full Eric B. and Rakim
52%
79 Follow the Leader Eric B. & Rakim
52%
82 The Great Adventures of Slick Rick Slick Rick
52%
143 Eternal Atake Lil Uzi Vert
51%
108 Daytona Pusha T
49%
63 Mos Def & Talib Kweli Are Black Star Black Star
46%
86 Like Water for Chocolate Common
46%
145 Be Common
46%
54 Culture Migos
45%
14 Supreme Clientele Ghostface Killah
44%
69 Ironman Ghostface Killah
44%
131 Fishscale Ghostface Killah
44%
48 Donuts J Dilla
43%
148 Run the Jewels 2 Run the Jewels
43%
102 Rich Gang: Tha Tour Pt. 1 Young Thug, Birdman, Rich Homie Quan
43%
70 The Score The Fugees
42%
120 Barter 6 Young Thug
42%
173 The Divine Feminine Mac Miller
41%
106 Return to the 36 Chambers: The Dirty Version Ol’ Dirty Bastard
41%
37 Only Built 4 Cuban Linx… Raekwon
41%
166 Because the Internet Childish Gambino
40%
197 Bandana Freddie Gibbs & Madlib
40%
80 Some Rap Songs Earl Sweatshirt
39%
73 Bizarre Ride II the Pharcyde The Pharcyde
38%
42 Long Live the Kane Big Daddy Kane
37%
32 Finally Rich Chief Keef
32%
192 Meet the Woo Pop Smoke
32%
51 Things Fall Apart The Roots
32%
150 How I Got Over The Roots
32%
95 Trap Muzik T.I.
32%
160 Lifestylez ov da Poor & Dangerous Big L
31%
128 Capital Punishment Big Pun
31%
12 Lord Willin’ Clipse
30%
97 Hell Hath No Fury Clipse
30%
71 All Hail the Queen Queen Latifah
29%
136 Planet Her Doja Cat
27%
92 Entroducing... DJ Shadow
26%
180 Sometimes I Might Be Introvert Little Simz
26%
135 Teflon Don Rick Ross
26%
19 Hard Core Lil Kim
24%
123 93 ’til Infinity Souls of Mischief
24%
152 SremmLife Rae Sremmurd
23%
96 Power Ice-T
22%
84 Summertime ’06 Vince Staples
22%
157 XXX Danny Brown
21%
164 Blank Face Schoolboy Q
21%
186 Life Is … Too $hort Too $hort
21%
127 E. 1999 Eternal Bone Thugs-N-Harmony
20%
76 Hard to Earn Gang Starr
20%
61 The Diary Scarface
20%
66 Mystic Stylez Three 6 Mafia
19%
170 Krit Wuz Here Big K.R.I.T.
18%
133 R.A.P. Music Killer Mike
18%
156 Quik Is the Name DJ Quik
17%
23 Ridin’ Dirty UGK
17%
163 Super Tight… UGK
17%
176 Flygod Westside Gunn
17%
168 Pray for Haiti Mach-Hommy
16%
75 Fever Megan Thee Stallion
16%
182 Chicken Talk Gucci Mane
15%
185 Lyte as a Rock MC Lyte
15%
130 Mecca and the Soul Brother Pete Rock and C.L. Smooth
14%
91 Criminal Minded Boogie Down Productions
12%
111 By All Means Necessary Boogie Down Productions
12%
50 Strictly Business EPMD
12%
68 400 Degreez Juvenile
12%
83 Kala M.I.A.
12%
81 Blowout Comb Digable Planets
11%
72 Dr. Octagonecologyst Dr. Octagon
11%
177 6 Feet Deep Gravediggaz
10%
161 Die a Legend Polo G
10%
184 Care for Me Saba
10%
53 Hot, Cool and Vicious Salt-N-Pepa
10%
139 Original Pirate Material The Streets
10%
162 Whack World Tierra Whack
10%
101 'Let’s Get It: Thug Motivation 101 Young Jeezy
10%
165 The Cold Vein’ Cannibal Ox
9%
56 Room 25 Noname
9%
174 Purple Haze Cam’ron
8%
67 We Can’t Be Stopped’ Geto Boys
8%
155 The Sun Rises in the East Jeru the Damaja
8%
141 Enta da Stage Black Moon
7%
146 A Wolf in Sheep’s Clothing Black Sheep
7%
169 Soul Food Goodie Mob
7%
116 Straight Out the Jungle Jungle Brothers
7%
187 The War Report Capone-N-Noreaga
6%
178 In a Major Way E-40
6%
104 Scorpion Eve
6%
107 Wanted: Dead or Alive Kool G Rap & DJ Polo
6%
109 Breaking Atoms Main Source
6%
122 In Search Of… N.E.R.D.
6%
189 Crenshaw Nipsey Hussle
6%
112 Laila’s Wisdom Rapsody
6%
137 Fantastic Vol. 2 Slum Village
6%
78 Broke With Expensive Taste Azealia Banks
5%
89 One for All Brand Nubian
5%
183 Uptown Saturday Night Camp Lo
5%
98 Funcrusher Plus Company Flow
5%
114 Sex Packets Digital Underground
5%
87 Critical Beatdown Ultramagnetic MCs
5%
110 Goin’ Off Biz Markie
4%
172 Ho, Why Is You Here? Flo Milli
4%
198 Mr. Hood KMD
4%
142 The Listening Little Brother
4%
115 Looking for the Perfect Beat 1980-1985 Afrika Bambaataa
3%
144 Reloaded Roc Marciano
3%
167 Black Mafia Life Above the Law
2%
149 3 ’N the Mornin’ (Part Two) DJ Screw
2%
159 So…How’s Your Girl? Handsome Boy Modeling School
2%
171 In Control, Volume 1 Marley Marl
2%
119 Party Music The Coup
2%
138 Period City Girls
1%
158 Just Tryin ta Live Devin the Dude
1%
190 Cold Devil Drakeo the Ruler
1%
179 To Whom It May Concern… Freestyle Fellowship
1%
154 What Does It All Mean? 1983-2006 Retrospective Steinski
1%
196 Tear Gas The Jacka
1%
195 Ephorize Cupcakke
0%
194 The Dusty Foot Philosopher K’Naan
0%
191 Lyrics Born Later That Day
0%
175 Bad Sister Roxanne Shanté
0%
No matching quizzes found
Score Distribution
Percent of People with Each Score
Percentile by Number Answered
Your Score History
You have not taken this quiz